Elementary lessons in logic : deductive and inductive, with copious questions and examples and a vocabulary of logical terms /
Guardado en:
| Autor Principal: | |
|---|---|
| Formato: | Libro |
| Idioma: | English |
| Publicado: |
London : New York :
Macmillan ; St Martin's Press,
1870.
|
| Etiquetas: |
Agregar Etiqueta
Sin Etiquetas, Sea el primero en etiquetar este registro!
|
| LEADER | 00587nam a22001455a 4500 | ||
|---|---|---|---|
| 001 | MAT.inmabb000338 | ||
| 008 | 031209s1870####enk###########001#0#eng#d | ||
| 005 | 20110228185115.0 | ||
| 245 | 1 | 0 | |a Elementary lessons in logic : |b deductive and inductive, with copious questions and examples and a vocabulary of logical terms / |c by W. Stanley Jevons. |
| 260 | |a London : |b Macmillan ; |a New York : |b St Martin's Press, |c 1870. | ||
| 300 | |a xi, 340 p. ; |c 17 cm. | ||
| 500 | |a Reimpresión de 1957. | ||
| 100 | 1 | |a Jevons, William Stanley, |d 1835-1882. | |
| 084 | |a 03Bxx |2 msc2000 | ||
| 859 | |h 03 |i J58 |p A-75 |b BIB. MATEMATICA | ||
